00371nam a2200145Ia 4500008004100000082001300041100001800054245005100072250000800123260002500131300001400156500002400170650001400194700001700208230524s9999 xx 000 0 und d a540bAOR aJ.C.Kuriacose 0aChemistry in Engineering and Technology Vol-II a1ST aNEW DELHIbTMHc2001 aXVIII;665 aQuantity Number: 2 aChemistry a J.Rajaraman